[Event "CZE-chT1W 2425"]
[Site "Czech Republic"]
[Date "2025.01.19"]
[Round "6.8"]
[White "Marsalek, Zdenek"]
[Black "Hradecky, Ivo"]
[Result "1-0"]
[WhiteElo "2149"]
[BlackElo "1996"]
[PlyCount "57"]
[EventDate "2024.10.20"]
[EventType "team-tourn"]
[EventRounds "11"]
[EventCountry "CZE"]
[SourceTitle "CB16_2025"]
[SourceDate "2025.04.16"]
[SourceVersion "1"]
[SourceVersionDate "2025.04.16"]
[SourceQuality "1"]
[WhiteTeam "Turnov Zikuda II"]
[BlackTeam "Vlasim Spartak"]
[WhiteTeamCountry "CZE"]
[BlackTeamCountry "CZE"]

1. d4 d5 2. Nf3 c6 3. g3 e6 4. Bg2 Nf6 5. 0-0 Be7 6. c4 0-0 7. Nbd2 Nbd7 8. Qc2 b6 9. Rd1 Bb7 10. b3 Rc8 11. Bb2 c5 12. e3 Qc7 13. Rac1 Qb8 14. Qb1 Rfe8 15. Qa1 Bf8 16. dxc5 bxc5 17. Ne5 Qd6 18. Rc2 Nxe5 19. Bxe5 Qe7 20. Bxf6 gxf6 21. cxd5 exd5 22. Nb1 Rcd8 23. Rcd2 d4 24. Bxb7 Qxb7 25. exd4 Bh6 26. Rd3 Rxd4 27. Rxd4 cxd4 28. Qxd4 Re2 29. Qg4+ 1-0

[Event "Turnov rapid op 18th"]
[Site "Turnov"]
[Date "2024.09.14"]
[Round "9"]
[White "Duda, Antonin"]
[Black "Marsalek, Zdenek"]
[Result "1/2-1/2"]
[WhiteElo "1919"]
[BlackElo "2211"]
[PlyCount "31"]
[EventDate "2024.09.14"]
[EventType "swiss (rapid)"]
[EventRounds "9"]
[EventCountry "CZE"]
[SourceTitle "EXT 2025"]
[Source "ChessBase"]
[SourceDate "2024.10.14"]
[SourceVersion "1"]
[SourceVersionDate "2024.10.14"]
[SourceQuality "1"]

1. e4 d6 2. d4 Nf6 3. Nc3 e5 4. Nge2 c6 5. a4 Nbd7 6. g3 g6 7. Bg2 Bg7 8. 0-0 0-0 9. h3 b6 10. Be3 Ba6 11. Re1 Qe7 12. g4 Rfe8 13. Ng3 exd4 14. Qd2 Nc5 15. Bxd4 Rad8 16. Rad1 1/2-1/2

[Event "Turnov rapid op 18th"]
[Site "Turnov"]
[Date "2024.09.14"]
[Round "6"]
[White "Kaderabek, Jiri"]
[Black "Marsalek, Zdenek"]
[Result "0-1"]
[WhiteElo "2044"]
[BlackElo "2211"]
[PlyCount "42"]
[EventDate "2024.09.14"]
[EventType "swiss (rapid)"]
[EventRounds "9"]
[EventCountry "CZE"]
[SourceTitle "EXT 2025"]
[Source "ChessBase"]
[SourceDate "2024.10.14"]
[SourceVersion "1"]
[SourceVersionDate "2024.10.14"]
[SourceQuality "1"]

1. e4 d6 2. Nf3 Nf6 3. Nc3 e5 4. h3 c6 5. Be2 Nbd7 6. d4 b5 7. a3 a6 8. 0-0 Be7 9. Be3 0-0 10. Re1 Bb7 11. Qd2 Qc7 12. Rad1 Rad8 13. Bg5 Rfe8 14. Bf1 Nf8 15. d5 cxd5 16. exd5 Ng6 17. h4 h6 18. h5 Nf8 19. Bxh6 gxh6 20. Nh4 Bc8 21. Qxh6 Ng4 0-1

[Event "Turnov rapid op 18th"]
[Site "Turnov"]
[Date "2024.09.14"]
[Round "5"]
[White "Marsalek, Zdenek"]
[Black "Kozbert, Tomas"]
[Result "1-0"]
[WhiteElo "2211"]
[BlackElo "1907"]
[PlyCount "186"]
[EventDate "2024.09.14"]
[EventType "swiss (rapid)"]
[EventRounds "9"]
[EventCountry "CZE"]
[SourceTitle "EXT 2025"]
[Source "ChessBase"]
[SourceDate "2024.10.14"]
[SourceVersion "1"]
[SourceVersionDate "2024.10.14"]
[SourceQuality "1"]

1. d4 d5 2. Nf3 Nf6 3. g3 Bf5 4. Bg2 h6 5. 0-0 e6 6. c4 c6 7. Nc3 Be7 8. Qb3 Qc8 9. Bf4 Nbd7 10. Rfc1 Nb6 11. Ne5 0-0 12. a4 Rd8 13. a5 Nxc4 14. Nxc4 dxc4 15. Qxc4 Nd5 16. Bd2 Nc7 17. e4 Bg6 18. Be3 Bf6 19. Rd1 Qd7 20. Rac1 Rac8 21. Qb3 Nb5 22. Ne2 Bh5 23. f3 Qe8 24. Nf4 Bg6 25. Qc4 Bh7 26. Ne2 Rd7 27. Nc3 Nxc3 28. bxc3 Qd8 29. Bh3 Kh8 30. Re1 Qxa5 31. Ra1 Qb5 32. Qa2 Qd3 33. Qb3 Qb5 34. Qc2 a6 35. Reb1 Qd5 36. exd5 Bxc2 37. dxe6 fxe6 38. Bxe6 Bxb1 39. Bxd7 Rc7 40. Bg4 Bg6 41. Kf2 Bf7 42. Bf5 Bc4 43. f4 Bd5 44. Bd3 c5 45. Ra5 cxd4 46. cxd4 Bc6 47. d5 b6 48. Rxa6 Bxd5 49. Rxb6 Rc8 50. Bf5 Re8 51. Rd6 Bc4 52. g4 Kg8 53. Kf3 Kf7 54. h3 Be7 55. Bg6+ Kf8 56. Rd7 Bf7 57. Be4 Be6 58. Ra7 Kf7 59. Bc5 Kf8 60. Bd4 Bf7 61. g5 hxg5 62. fxg5 Bxg5 63. Bf5 Bf6 64. Be3 Be6 65. Bg6 Rd8 66. Kg2 Bd4 67. Bxd4 Rxd4 68. Ra3 Rd2+ 69. Kg3 Ra2 70. Re3 Bf7 71. Rf3 Ra7 72. h4 Kg8 73. Be4 Re7 74. Bd3 g6 75. Kf4 Kg7 76. Be4 Ra7 77. Rg3 Ra4 78. Ke5 Ra5+ 79. Kd4 Rh5 80. Rg4 Kf6 81. Ke3 Rh6 82. Kf2 Be6 83. Rf4+ Bf5 84. Bf3 Ke5 85. Rb4 Rh8 86. Kg3 Rc8 87. Rb5+ Kf6 88. Rb6+ Ke5 89. Rb5+ Kf6 90. Rb4 Rc3 91. Kf4 Ra3 92. Rb6+ Kg7 93. h5 gxh5 1-0

[Event "Turnov rapid op 18th"]
[Site "Turnov"]
[Date "2024.09.14"]
[Round "1"]
[White "Marsalek, Zdenek"]
[Black "Mauder, Karel"]
[Result "1-0"]
[WhiteElo "2211"]
[BlackElo "1682"]
[PlyCount "68"]
[EventDate "2024.09.14"]
[EventType "swiss (rapid)"]
[EventRounds "9"]
[EventCountry "CZE"]
[SourceTitle "EXT 2025"]
[Source "ChessBase"]
[SourceDate "2024.10.14"]
[SourceVersion "1"]
[SourceVersionDate "2024.10.14"]
[SourceQuality "1"]

1. d4 Nf6 2. Nf3 d5 3. g3 e6 4. Bg2 Be7 5. 0-0 0-0 6. c4 b6 7. cxd5 exd5 8. Nc3 Bb7 9. Qb3 h6 10. Rd1 Nc6 11. Ne5 Na5 12. Qa4 Qe8 13. Bf4 Qxa4 14. Nxa4 Rac8 15. Bh3 Rcd8 16. Rac1 Bd6 17. a3 Ba6 18. Bf1 Nh5 19. Bd2 Nb3 20. Rc2 Nxd2 21. Rdxd2 Bxe5 22. dxe5 c5 23. e3 Bxf1 24. Kxf1 g6 25. Nc3 d4 26. exd4 cxd4 27. Nb5 Rd5 28. Nxa7 Rxe5 29. Rxd4 Rfe8 30. Nc6 Re1+ 31. Kg2 Nf6 32. Nb4 Kg7 33. Rd6 Rb1 34. Nd3 Rd1 1-0

[Event "Ceske Budejovice op"]
[Site "Ceske Budejovice"]
[Date "2024.07.01"]
[Round "3"]
[White "Marsalek, Zdenek"]
[Black "Chlpek, Daniel"]
[Result "1-0"]
[WhiteElo "2201"]
[BlackElo "2053"]
[PlyCount "159"]
[EventDate "2024.06.29"]
[EventType "swiss"]
[EventRounds "9"]
[EventCountry "CZE"]
[SourceTitle "CBM 221 Extra"]
[Source "ChessBase"]
[SourceDate "2024.09.30"]
[SourceVersion "1"]
[SourceVersionDate "2024.09.30"]
[SourceQuality "1"]

1. d4 Nf6 2. Nf3 d5 3. c4 e6 4. Nc3 Bb4 5. cxd5 exd5 6. Qb3 Be7 7. Bf4 c6 8. e3 0-0 9. h3 Nbd7 10. Bd3 Re8 11. 0-0 Nf8 12. Qc2 Ng6 13. Bh2 Bd6 14. Bxd6 Qxd6 15. Rab1 a5 16. a3 b5 17. Rbc1 Bd7 18. Rfe1 Re7 19. Bxg6 hxg6 20. Ne5 Be8 21. Ne2 Rc8 22. Nd3 Ne4 23. Nc5 Nxc5 24. Qxc5 Qxc5 25. Rxc5 a4 26. Nf4 Rb8 27. Nd3 f6 28. Nb4 Rb6 29. f3 g5 30. Kf2 Kf7 31. Rec1 Re6 32. R5c3 Rd6 33. Rh1 Bd7 34. h4 g4 35. Kg3 gxf3 36. gxf3 Re6 37. Kf2 Re8 38. Rhc1 Re6 39. Nd3 Rd6 40. Rg1 Bf5 41. Nb4 Kf8 42. Rg2 Kg8 43. Kg3 Kh7 44. Kf4 Bd7 45. Rc1 Be8 46. Rcg1 Rb7 47. Nd3 Kh6 48. Rc1 Bg6 49. Nb4 Be8 50. Rgc2 Rb6 51. Kg3 Kh7 52. Rc3 Kh6 53. Kf2 Kh7 54. Rd1 Re6 55. Nd3 Rd6 56. Rg1 Bg6 57. Nb4 Bf5 58. Rcc1 Kh6 59. Rh1 Re6 60. Rh2 g6 61. Rc3 Rd6 62. Kg3 Bd7 63. Kf4 Be8 64. Rc1 Kh5 65. Nd3 Kh6 66. Kg3 Re6 67. Kf2 Rd6 68. Rg2 Rd7 69. Rcg1 Rg7 70. h5 g5 71. f4 Bd7 72. fxg5+ Rxg5 73. Rxg5 fxg5 74. Kg3 Bf5 75. Ne5 Kg7 76. Rf1 Be6 77. h6+ Kh7 78. Rf6 Bc8 79. Nf7 Kg8 80. Nxg5 1-0

[Event "Ceske Budejovice op"]
[Site "Ceske Budejovice"]
[Date "2021.07.08"]
[Round "8"]
[White "Daroczi, Donat"]
[Black "Marsalek, Zdenek"]
[Result "1-0"]
[WhiteElo "2092"]
[BlackElo "2202"]
[PlyCount "69"]
[EventDate "2021.07.01"]
[EventType "swiss"]
[EventRounds "9"]
[EventCountry "CZE"]
[SourceTitle "CBM 203 Extra"]
[Source "ChessBase"]
[SourceDate "2021.09.30"]
[SourceVersion "1"]
[SourceVersionDate "2021.09.30"]
[SourceQuality "1"]

1. e4 d6 2. d4 Nf6 3. Nc3 e5 4. Nf3 Nbd7 5. Bc4 Be7 6. 0-0 0-0 7. Re1 c6 8. a4 b6 9. h3 a6 10. Be3 Rb8 11. Ba2 b5 12. axb5 axb5 13. b4 Qc7 14. Bb3 h6 15. Qd3 Rd8 16. Nh4 Nf8 17. Nf5 Bxf5 18. exf5 N8h7 19. d5 Rd7 20. Ra6 cxd5 21. Bxd5 Nxd5 22. Nxd5 Qd8 23. Bb6 Qf8 24. Qxb5 Qc8 25. Qd3 Bg5 26. Ba5 Bd8 27. Bxd8 Qxd8 28. Rd1 Qh4 29. b5 Ng5 30. c4 Kf8 31. Nb4 Rbd8 32. Nc6 Re8 33. b6 Qf4 34. Ra7 e4 35. Qg3 1-0

[Event "Pardubice Czech op-E 31st"]
[Site "Pardubice"]
[Date "2020.09.20"]
[Round "7.3"]
[White "Marsalek, Zdenek"]
[Black "Ocelak, Jakub"]
[Result "1/2-1/2"]
[WhiteElo "2198"]
[BlackElo "1976"]
[PlyCount "78"]
[EventDate "2020.09.17"]
[EventType "team-swiss"]
[EventRounds "7"]
[EventCountry "CZE"]
[SourceTitle "CBM 198 Extra"]
[Source "ChessBase"]
[SourceDate "2020.11.30"]
[SourceVersion "1"]
[SourceVersionDate "2020.11.30"]
[SourceQuality "1"]
[WhiteTeam "Turnov Zikuda II"]
[BlackTeam "Mladi Vpred"]
[WhiteTeamCountry "CZE"]
[BlackTeamCountry "CZE"]

1. d4 Nf6 2. Nf3 g6 3. g3 Bg7 4. Bg2 0-0 5. 0-0 d6 6. h3 a6 7. c4 Nc6 8. Nc3 Bd7 9. Re1 Qc8 10. Kh2 Rb8 11. e4 e5 12. Be3 exd4 13. Nxd4 Ne5 14. b3 c5 15. Nde2 b5 16. cxb5 axb5 17. Rc1 c4 18. Nf4 Qa6 19. bxc4 bxc4 20. Bd4 Rfe8 21. Re3 Rbc8 22. Bf1 Bc6 23. f3 Nfd7 24. Ng2 Nc5 25. Bxc5 dxc5 26. f4 Nd3 27. Bxd3 cxd3 28. Qxd3 c4 29. Qe2 Bd4 30. Rf3 f5 31. Nb1 Bxe4 32. Ra3 Qe6 33. Nc3 Bd3 34. Qf3 Bc5 35. Ra4 Qc6 36. Nh4 Qxf3 37. Nxf3 Be3 38. Re1 Bb6 39. Ne5 Rcd8 1/2-1/2

[Event "Pardubice Czech op-E 31st"]
[Site "Pardubice"]
[Date "2020.09.20"]
[Round "6.3"]
[White "Richtrova, Eliska"]
[Black "Marsalek, Zdenek"]
[Result "1/2-1/2"]
[WhiteElo "2183"]
[BlackElo "2198"]
[PlyCount "52"]
[EventDate "2020.09.17"]
[EventType "team-swiss"]
[EventRounds "7"]
[EventCountry "CZE"]
[SourceTitle "CBM 198 Extra"]
[Source "ChessBase"]
[SourceDate "2020.11.30"]
[SourceVersion "1"]
[SourceVersionDate "2020.11.30"]
[SourceQuality "1"]
[WhiteTeam "Ceske Budejovice"]
[BlackTeam "Turnov Zikuda II"]
[WhiteTeamCountry "CZE"]
[BlackTeamCountry "CZE"]

1. e4 d6 2. d4 Nf6 3. Nc3 e5 4. Nf3 Nbd7 5. Bc4 Be7 6. 0-0 0-0 7. a4 c6 8. dxe5 dxe5 9. a5 Rb8 10. Qe2 b5 11. axb6 axb6 12. Be3 Qc7 13. Nh4 Nc5 14. Bxc5 Bxc5 15. Nf5 g6 16. Qd2 b5 17. Bb3 Nh5 18. Qg5 Kh8 19. Ne2 f6 20. Qh6 Re8 21. Nh4 Qg7 22. Qxg7+ Nxg7 23. h3 Ne6 24. Nf3 Nd4 25. Nexd4 exd4 26. Rfe1 Bb7 1/2-1/2

[Event "Pardubice Czech op-E 31st"]
[Site "Pardubice"]
[Date "2020.09.19"]
[Round "4.3"]
[White "Vojta, Tomas"]
[Black "Marsalek, Zdenek"]
[Result "0-1"]
[WhiteElo "2325"]
[BlackElo "2198"]
[PlyCount "72"]
[EventDate "2020.09.17"]
[EventType "team-swiss"]
[EventRounds "7"]
[EventCountry "CZE"]
[SourceTitle "CBM 198 Extra"]
[Source "ChessBase"]
[SourceDate "2020.11.30"]
[SourceVersion "1"]
[SourceVersionDate "2020.11.30"]
[SourceQuality "1"]
[WhiteTeam "Vlasim Anytrade"]
[BlackTeam "Turnov Zikuda II"]
[WhiteTeamCountry "CZE"]
[BlackTeamCountry "CZE"]

1. e4 d6 2. f4 d5 3. e5 c5 4. Nf3 Nc6 5. c3 h5 6. d4 e6 7. a3 Nh6 8. b4 b6 9. Be3 Nf5 10. Bf2 c4 11. g3 Bd7 12. Nbd2 Qc7 13. Bg2 0-0-0 14. Ng5 Be8 15. h3 Qd7 16. Qe2 Kb8 17. 0-0 Rc8 18. Bf3 Nd8 19. Rfe1 a6 20. Bxh5 Rxh5 21. Qxh5 f6 22. Qh8 fxg5 23. Qxf8 Bg6 24. b5 a5 25. a4 Nf7 26. Qa3 Rh8 27. g4 gxf4 28. gxf5 Bxf5 29. h4 g5 30. Nf1 gxh4 31. Qc1 Ng5 32. Kh1 Nh3 33. Ra2 Qg7 34. Be3 Rg8 35. Qd2 Be4+ 36. Kh2 Ng1 0-1

[Event "CZE-chT2C 1920"]
[Site "Czech Republic"]
[Date "2019.11.03"]
[Round "2.6"]
[White "Skalicky, Tomas"]
[Black "Marsalek, Zdenek"]
[Result "1/2-1/2"]
[WhiteElo "2126"]
[BlackElo "2218"]
[PlyCount "137"]
[EventDate "2019.10.13"]
[EventType "team-tourn"]
[EventRounds "11"]
[EventCountry "CZE"]
[SourceTitle "EXT 2024"]
[Source "ChessBase"]
[SourceDate "2023.10.10"]
[SourceVersion "1"]
[SourceVersionDate "2023.10.10"]
[SourceQuality "1"]
[WhiteTeam "Ricany 1925"]
[BlackTeam "Turnov Zikuda III"]
[WhiteTeamCountry "CZE"]
[BlackTeamCountry "CZE"]

1. d4 d5 2. c4 c6 3. Nf3 Nf6 4. Qb3 e6 5. g3 Be7 6. Bg2 Qb6 7. 0-0 Nbd7 8. Nc3 0-0 9. Rd1 Re8 10. Bf4 dxc4 11. Qxc4 Qxb2 12. Rab1 Qa3 13. e4 Qa5 14. Nd2 Bf8 15. Qb3 b5 16. d5 Nc5 17. Qc2 exd5 18. exd5 g6 19. Nb3 Nxb3 20. Qxb3 b4 21. Bg5 Nxd5 22. Nxd5 cxd5 23. Rxd5 Qa6 24. Bf1 Qb6 25. Be3 Qe6 26. Ra5 Qxb3 27. axb3 Bf5 28. Rc1 Be6 29. Bc4 a6 30. h4 h5 31. Kg2 Bg7 32. Bxe6 Rxe6 33. Rc4 Bf8 34. g4 hxg4 35. Rxg4 Rc8 36. Bd2 Rc2 37. Bxb4 Bxb4 38. Rxb4 Rf6 39. h5 Rcxf2+ 40. Kg3 Rf1 41. Kg2 R1f2+ 42. Kg3 Rc2 43. hxg6 Rxg6+ 44. Kf4 Kg7 45. Rb7 Rcc6 46. Rf5 Rgf6 47. b4 Rce6 48. b5 axb5 49. Rbxb5 Kg6 50. Rxf6+ Rxf6+ 51. Kg4 Ra6 52. Rb4 Ra1 53. Rb6+ f6 54. Rb5 f5+ 55. Kf3 Kg5 56. Rb3 Rf1+ 57. Kg2 Rf4 58. Ra3 Rh4 59. Rb3 Rh8 60. Kf2 Kg4 61. Rb4+ Kg5 62. Ra4 Rb8 63. Kf3 Rb3+ 64. Kf2 Rh3 65. Rb4 Rd3 66. Ra4 Rb3 67. Rc4 Rh3 68. Ra4 f4 69. Ra8 1/2-1/2

[Event "CZE-chT1W 1819"]
[Site "Czech Republic"]
[Date "2019.03.24"]
[Round "10.8"]
[White "Marsalek, Zdenek"]
[Black "Havlik, Jan"]
[Result "1/2-1/2"]
[WhiteElo "2228"]
[BlackElo "2400"]
[PlyCount "66"]
[EventDate "2018.10.21"]
[EventType "team-tourn"]
[EventRounds "11"]
[EventCountry "CZE"]
[SourceTitle "CBM 189 Extra"]
[Source "ChessBase"]
[SourceDate "2019.05.31"]
[SourceVersion "1"]
[SourceVersionDate "2019.05.31"]
[SourceQuality "1"]
[WhiteTeam "Turnov Zikuda II"]
[BlackTeam "Ceske Budejovice"]
[WhiteTeamCountry "CZE"]
[BlackTeamCountry "CZE"]

1. d4 Nf6 2. Nf3 g6 3. g3 Bg7 4. Bg2 0-0 5. 0-0 d6 6. c4 Nc6 7. Nc3 e5 8. h3 Nd7 9. d5 Ne7 10. e4 h6 11. Ne1 f5 12. Nd3 Nf6 13. Kh2 fxe4 14. Nxe4 Nxe4 15. Bxe4 Bf5 16. f3 Qd7 17. Nf2 Rf7 18. Be3 Raf8 19. Qe2 c5 20. Rab1 a5 21. b3 b6 22. a3 Kh7 23. Kg2 Ng8 24. b4 axb4 25. axb4 Nf6 26. bxc5 bxc5 27. g4 Bxe4 28. Nxe4 Nxe4 29. fxe4 Rxf1 30. Rxf1 Rxf1 31. Qxf1 Qa4 32. Qe2 Qb3 33. h4 Qb1 1/2-1/2